Devoción de los siete domingos de San José : (Record n. 35646)
[ formato base ]
| 000 -LEADER | |
|---|---|
| fixed length control field | 00735nam a2200205 i 4500 |
| 003 - CONTROL NUMBER IDENTIFIER | |
| control field | IT-RoINE |
| 005 - DATE AND TIME OF LATEST TRANSACTION | |
| control field | 20201215060818.0 |
| 008 - FIXED-LENGTH DATA ELEMENTS--GENERAL INFORMATION | |
| fixed length control field | 200702s1910 sp |||||r|||| 00| | spa d |
| 040 ## - CATALOGING SOURCE | |
| Original cataloging agency | IT-RoINE |
| 245 00 - TITLE STATEMENT | |
| Title | Devoción de los siete domingos de San José : |
| Remainder of title | seguidos de oraciones para oir la Santa Misa de honor de San José y otras devociones al Santo Patriarca. |
| 260 ## - PUBLICATION, DISTRIBUTION, ETC. (IMPRINT) | |
| Place of publication, distribution, etc | Madrid : |
| Name of publisher, distributor, etc | Librería católica de G. del Amo, |
| Date of publication, distribution, etc | 1910. |
| 300 ## - PHYSICAL DESCRIPTION | |
| Extent | 206 p. ; |
| Dimensions | 15 cm. |
| 336 ## - CONTENT TYPE | |
| Source | rdacontent |
| Content type term | text |
| 337 ## - MEDIA TYPE | |
| Source | rdamedia |
| Media type term | unmediated |
| 338 ## - CARRIER TYPE | |
| Source | rdacarrier |
| Carrier type term | volume |
| 500 ## - GENERAL NOTE | |
| General note | En letra gorda. |
| 600 04 - SUBJECT ADDED ENTRY--PERSONAL NAME | |
| 9 (RLIN) | 68942 |
| Personal name | José, |
| Titles and other words associated with a name | Santo |
| General subdivision | Libros de oraciones y devocionarios |
| 650 #4 - SUBJECT ADDED ENTRY--TOPICAL TERM | |
| 9 (RLIN) | 4218 |
| Topical term or geographic name as entry element | Literatura de devoción |
| 942 ## - ADDED ENTRY ELEMENTS (KOHA) | |
| Item type | Monografías |
| Withdrawn status | Lost status | Damaged status | Not for loan | Home library | Current library | Date acquired | Total Checkouts | Full call number | Barcode | Date last seen | Price effective from | Koha item type |
|---|---|---|---|---|---|---|---|---|---|---|---|---|
| Iglesia Nacional Española en Roma | Iglesia Nacional Española en Roma | 15/12/2020 | DEV.NOV 279 | NOV-2456 | 15/12/2020 | 15/12/2020 | Monografías |